| 000 | 01505ngm a22004450a 4500 | ||
|---|---|---|---|
| 001 | PT47769 | ||
| 003 | AR-LpoUNG | ||
| 005 | 20210202000029.0 | ||
| 007 | vd cvaizq | ||
| 008 | 191001s1983||||ag |||||||||||||||||spa d | ||
| 037 | _c$2,50 | ||
| 040 |
_aAR-LpoUNG _bspa _cAR-LpoUNG _eaacr |
||
| 041 | _aspa | ||
| 044 | _aag | ||
| 082 | 0 | _a982.064 449tab | |
| 100 | 1 |
_aAlmirón, Fernando _edir. |
|
| 245 | 1 | 4 | _aLos tabicados |
| 260 |
_aBuenos Aires : _bMiradas al sur, _c1983. |
||
| 300 | _aDVD (50 min.) : son., byn, col. | ||
| 505 | 0 | _aGuión: Oscar Giúdice Bravo, Fernando Almirón. Fotografía: Francisco Oliva. Montaje: Hugo Barbero. | |
| 520 | _aA partir del relato de familiares de víctimas y sobrevivientes de centros clandestinos de detención, este documental denuncia el mecanismo represivo del terrorismo de Estado. Filmado durante los últimos meses de la dictadura, constituye uno de los primeros trabajos documentales que testimonian el horror vivido en aquellos años. | ||
| 650 | 4 | _aANALISIS HISTORICO | |
| 650 | 4 | _aARGENTINA | |
| 650 | 4 | _aDICTADURA | |
| 650 | 4 | _aGOBIERNO MILITAR | |
| 650 | 4 | _aHISTORIA POLITICA | |
| 650 | 4 | _aVICTIMAS | |
| 650 | 4 | _aVIOLENCIA | |
| 651 | 4 | _aArgentina | |
| 653 | _aCENTROS CLANDESTINOS DE DETENCION | ||
| 653 | _aCINE ARGENTINO | ||
| 653 | _aDESAPARECIDOS | ||
| 653 | _aDOCUMENTALES | ||
| 653 | _aDVD | ||
| 653 | _aREPRESION | ||
| 653 | _aTERRORISMO DE ESTADO | ||
| 653 | _aVIDEOS | ||
| 905 | _a47769 | ||
| 942 | _cDVD | ||
| 999 |
_c53985 _d53985 |
||